Sabrina Carpenter - Paroles Don't Worry I'll Make You Worry - Statistiques

Statistiques générales
  • Ce quiz a été pris 15 fois
  • Le résultat moyen est 202 sur 256
Statistiques - réponses
Hint Réponse % Correct
Couplet 1 You
100%
you
100%
a
91%
Bridge | Post-refrain Ah
91%
ah
91%
ah,
91%
(Ah,
91%
ah)
91%
(Ah)
91%
Outro Ah,
91%
do,
91%
don't
91%
(Don't
91%
I
91%
(I
91%
I'll
91%
Then
91%
(Wow)
91%
Pré-refrain And
82%
and
82%
back
82%
be
82%
call
82%
fuck
82%
gonna
82%
head?
82%
how
82%
I'm
82%
it
82%
it's
82%
make
82%
(Mm)
82%
never
82%
perfect
82%
read
82%
right
82%
signs
82%
that
82%
That
82%
think
82%
Well,
82%
with
82%
worry
82%
worry)
82%
worry,
82%
worse
82%
your
82%
Your
82%
you're
82%
You're
82%
absolutely
73%
Actually,
73%
best
73%
can
73%
couldn't
73%
Damn
73%
girl
73%
impressive
73%
laugh
73%
let
73%
like
73%
making
73%
no
73%
other
73%
please
73%
please)
73%
Refrain So
73%
so
73%
some
73%
stand
73%
sure
73%
the
73%
timing
73%
where
73%
agrees
64%
But
64%
emotional
64%
even
64%
for
64%
good,
64%
help
64%
know
64%
leave
64%
love
64%
man
64%
me)
64%
me
64%
mother
64%
my
64%
of
64%
shell
64%
Couplet 2 Silent
64%
sleeping
64%
still
64%
that's
64%
treatment
64%
when
64%
work
64%
40
55%
all
55%
annoyingly
55%
ass
55%
bitch
55%
decide
55%
drive
55%
ever
55%
feeling
55%
get
55%
home
55%
Hope
55%
humblin'
55%
internalizing
55%
is
55%
jokes
55%
lottery
55%
lucky
55%
might
55%
on
55%
out
55%
thanks
55%
was
55%
you'll
55%
minute
45%
Thought
36%
Aucun quiz correspondant
Distribution des résultats
% des personnes avec chaque résultat
Percentile par nombre de réponses
Votre historique - résultats
Vous n’avez pas pris ce quiz